| 000 | 00855cab a2200265 4500 | ||
|---|---|---|---|
| 001 | ABS48988 | ||
| 008 | 090401t1993 xxu||||| |||| 00| 0 eng d | ||
| 035 | _a(Sirsi) u69363 | ||
| 041 | _aeng | ||
| 100 | _aWilson, D.J. | ||
| 245 | _aLeases and their impact on value | ||
| 260 | _c1993 | ||
| 350 | _a0 | ||
| 490 |
_aCanadian Appraiser _v37(2) Summer 1993, 31-38(8) |
||
| 520 | _aThe value of leasehold property is greatly determined by the nature of the lease. A range of leases, including percentage, turnkey, shell and allowance leases, are discussed here for their effect on rental values. | ||
| 650 | _aGROSS LEASES | ||
| 650 | _aLEASES | ||
| 650 | _aNET LEASES | ||
| 650 | _aRADIUS CLAUSE | ||
| 650 | _aSHELL AND ALLOWANCE LEASES | ||
| 650 | _aVALUE | ||
| 690 | _aPROPERTY-LANDLORD AND TENANT | ||
| 942 | _n0 | ||
| 948 | _c04/03/1997 | ||
| 999 |
_c43565 _d43565 |
||